Educational social software for context-aware learning : collaborative methods and human interaction /

"This book examines socio-cultural elements in educational computing focused on design and theory where learning and setting are intertwined"--Provided by publisher.

Bibliographic Details
Other Authors: Lambropoulos, Niki, 1966-, Romero, Margarida, 1980-
Format: Book
Language:English
Published: Hershey, PA : Information Science Reference, [2010]
Subjects:

MARC

Tag First Indicator Second Indicator Subfields
LEADER 00000cam a22000004a 4500
001 in00002529421
005 20151113121755.0
008 090807s2010 paua b 001 0 eng
010 |a  2009031268 
020 |a 9781605668260 (hardcover) 
020 |a 1605668265 (hardcover) 
020 |a 9781605668277 (ebook) 
020 |a 1605668273 (ebook) 
035 |a (OCoLC)ocn318420072 
035 |a (OCoLC)318420072 
040 |a DLC  |c DLC  |d YDX  |d TXA  |d UtOrBLW 
049 |a TXAM 
050 0 0 |a LB1044.87  |b .E362 2010 
082 0 0 |a 371.9/0460973  |2 22 
245 0 0 |a Educational social software for context-aware learning :  |b collaborative methods and human interaction /  |c [edited by] Niki Lambropoulos, Margarido Romero. 
264 1 |a Hershey, PA :  |b Information Science Reference,  |c [2010] 
264 4 |c ©2010 
300 |a xxi, 310 pages :  |b illustrations ;  |c 29 cm. 
336 |a text  |b txt  |2 rdacontent 
337 |a unmediated  |b n  |2 rdamedia 
338 |a volume  |b nc  |2 rdacarrier 
504 |a Includes bibliographical references and index. 
520 |a "This book examines socio-cultural elements in educational computing focused on design and theory where learning and setting are intertwined"--Provided by publisher. 
650 0 |a Internet in education  |x Social aspects. 
650 0 |a Online social networks. 
650 0 |a Web 2.0. 
700 1 |a Lambropoulos, Niki,  |d 1966- 
700 1 |a Romero, Margarida,  |d 1980- 
948 |a cataloged  |b h  |c 2009/11/25  |d c  |e agaffey  |f 3:29:32 pm 
994 |a C0  |b TXA 
999 |a MARS 
999 f f |s 7793cfd7-17ef-32fb-8eeb-6ca7946098dd  |i 5851f25e-0b39-3f5a-a8c0-6b3cd78b2478  |t 0 
952 f f |p normal  |a Texas A&M University  |b College Station  |c Sterling C. Evans Library  |d Evans: Library Stacks  |t 0  |e LB1044.87 .E362 2010  |h Library of Congress classification  |i unmediated -- volume  |m A14839970386 
998 f f |a LB1044.87 .E362 2010  |t 0  |l Evans: Library Stacks